000 00422nam a2200181Ia 4500
001 2820
005 20260306144835.0
008 260306t2012||||xx |||||||||||||| ||spa||
041 _aESP
082 _a230.2
_bM86 2012
100 _aMorales, José
_eAUT
245 0 _aIntroducción a la teología
260 _c2012
300 _a343 páginas :
_c23 cm.
650 _aGEN
654 _aCHU
942 _cLIB
_dJUS
_fJUS
_2ddc
_n
999 _c2820
_d2820